000 01679nam a2200229 4500
001 ESSALUD
005 20260701102246.0
007 ta
008 t pe ||||| |||| 00| 0 spa d
040 _aBMG
041 _aspa
100 _aCorte Suprema de Justicia de la República. Sala Civil Permanente
_eAutor
_953005
245 _aNo procede la ineficacia por acción pauliana si el crédito no está determinado ni cuantificado
300 _apáginas 59-75
520 _aLa ineficacia por acción pauliana tiene por finalidad asegurar un crédito determinado y también cuantificado, pues, para determinar la fundabilidad de la pretensión, sería necesario establecer el monto que se buscaría asegurar con la finalidad de determinar si efectivamente el deudor habría disminuido su patrimonio de tal manera que imposibilite o dificulte el cobro del crédito. En el presente caso, la demandante ha comprado bienes futuros, cuestionando que la empresa demandada no haya cumplido con las obligaciones pactadas en la minuta de compraventa, las cuales están referidas a obligaciones de dar y hacer; sin embargo, estas obligaciones no están cuantificadas en términos económicos, respecto a la cual se pretenda garantizar la obligación con la acción pauliana. En ese sentido, la infracción alegada deviene en infundada.
650 _aCONTRATOS HIPOTECARIOS
_952992
650 _aCRÉDITOS HIPOTECARIOS
_953031
650 _aACCIÓN PAULINA
_953032
650 _aPROTECCIÓN DEL CRÉDITO
_952993
773 0 _022573
_922620
_dLima Grupo Praxis Formación Profesional, 2026-
_oPRA001
_tPraxis Civil & Procesal Civil
_wESSALUD
_x3119-7671
942 _cARTICULOS
_e2026-06-30
_zsqb
999 _c22585
_d22585